Reproductive behaviour of insects: individuals and populations
Salvato in:
| Autori principali: | , |
|---|---|
| Natura: | Libro |
| Lingua: | inglese |
| Pubblicazione: |
Londres
Chapman
1991
|
| Edizione: | 1a. ed |
| Soggetti: | |
| Tags: |
Aggiungi Tag
Nessun Tag, puoi essere il primo ad aggiungerne!!
|
MARC
| LEADER | 00000nam a2200000 a 4500 | ||
|---|---|---|---|
| 001 | UCW0556 | ||
| 003 | CL-VaPUC | ||
| 008 | 921130e19910000UK |||||||||||||||||eng|d | ||
| 082 | 0 | 4 | |a 595.7 |b BAI |2 21 |
| 100 | 0 | |a Bailey, Winston J |e author |9 304475 | |
| 700 | 0 | |a Ridsdill Smith, James T |e author |9 304476 | |
| 245 | 1 | 0 | |a Reproductive behaviour of insects: individuals and populations |
| 250 | |a 1a. ed | ||
| 300 | |a 339 p | ||
| 942 | |c BK | ||
| 945 | |d 19921130 00:00:00 | ||
| 260 | |a Londres |b Chapman |c 1991 | ||
| 650 | 0 | |a Insectos |9 264174 | |
| 650 | 0 | |a Conducta |9 269782 | |
| 650 | 0 | |a Reproducción |9 269783 | |
| 650 | 7 | |a CONDUCTA SEXUAL EN LOS ANIMALES |2 CL-VaPUC |9 269784 | |
| 583 | |a last modification |c 19921130 00:00:00 |k Rodrigo Vera | ||
| 999 | |c 215682 |d 215680 | ||
| 952 | |0 0 |1 0 |4 0 |6 595_700000000000000_BAI_1991 |7 0 |8 A |9 200334 |a BIBCUR |b BIBCUR |d 2019-11-14 |i 3188736 |o 595.7 BAI 1991 |p 3188736 |r 2025-04-22 |w 2019-11-14 |y BK |k BCB | ||